London Underground Stations not in London - Statistics

General Stats
  • This quiz has been taken 27 times
  • The average score is 23 of 32
Answer Stats
Hint Answer % Correct
Bucks Amersham
95%
Bucks Chalfont & Latimer
95%
Bucks Chesham
95%
Essex Epping
95%
Herts Watford
95%
Herts Chorleywood
90%
Essex Debden
90%
Essex Loughton
90%
Essex Roding Valley
90%
Essex Chigwell
86%
Herts Croxley
86%
Essex Theydon Bois
86%
Essex Buckhurst Hill
81%
Herts Moor park
81%
Herts Rickmansworth
81%
Essex Grange Hill
76%
Berks Reading
71%
Berks Maidenhead
62%
Essex Shenfield
62%
Essex Brentwood
57%
Herts Bushey
57%
Herts Carpenders Park
57%
Bucks Iver
57%
Bucks Taplow
57%
Herts Watford High Street
57%
Herts Watford Junction
57%
Herts Cheshunt
52%
Berks Twyford
52%
Berks Burnham
48%
Berks Langley
43%
Berks Slough
43%
Herts Theobalds Grove
43%
No matching quizzes found
Score Distribution
Percent of People with Each Score
Percentile by Number Answered
Your Score History
You have not taken this quiz